Virginia Cities - Sudden Death - Statistics

General Stats
  • This quiz has been taken 42 times
  • The average score is 13 of 17
Answers on the Grid
Answers color-coded by a green-red scale on the quiz's grid according to % correct below.
Richmond
Huntington
Portsmouth
Middlesboro
Charlottesville
Pocomoke City
Roanoke
Henderson
Norfolk
Hampton
Ocean City
Fredericksburg
Williamsburg
Silver Spring
Parkersburg
Suffolk
Lynchburg
Bethesda
Kingsport
Falls Church
Fairfax
Elizabeth City
Salisbury
Petersburg
Currituck
Chincoteague
Hopewell
Morgantown
Alexandria
Bristol
 
Answer Stats
Answer % Correct
Richmond
96%
Norfolk
93%
Roanoke
93%
Charlottesville
89%
Alexandria
86%
Fairfax
86%
Lynchburg
86%
Falls Church
82%
Hampton
79%
Suffolk
79%
Williamsburg
79%
Fredericksburg
75%
Portsmouth
75%
Petersburg
71%
Bristol
54%
Hopewell
46%
Chincoteague
32%
No matching quizzes found
Score Distribution
Percent of People with Each Score
Percentile by Number Answered
Your Score History
You have not taken this quiz